UBT Library

Social Backgrounds of American Literature (Record no. 58143)

000 -LEADER
fixed length control field 00300nam a22001337a 4500
008 - FIXED-LENGTH DATA ELEMENTS--GENERAL INFORMATION
fixed length control field 211011b ||||| |||| 00| 0 eng d
041 ## - LANGUAGE CODE
Language code of text/sound track or separate title eng
080 ## - UNIVERSAL DECIMAL CLASSIFICATION NUMBER
Universal Decimal Classification number 821
082 ## - DEWEY DECIMAL CLASSIFICATION NUMBER
Classification number 821
100 ## - Rafti
Rafti 21
101 ## - Shkurtesa
Shkurtesa GJL
245 ## - TITLE STATEMENT
Title Social Backgrounds of American Literature
Statement of responsibility, etc Philip,R
942 ## - ADDED ENTRY ELEMENTS (KOHA)
Source of classification or shelving scheme
Item type Books

No items available.

UBT Library © 2015-2024. All rights reserved University Education for Business and Technology